|
|
|
|
| LEADER |
01688nam a22003974a 4500 |
| 001 |
40062 |
| 003 |
BD-DhAAL |
| 005 |
20221116124847.0 |
| 008 |
221116t2005 ja b b 001 0 eng |
| 999 |
|
|
|c 45055
|d 45055
|
| 010 |
|
|
|a 2004025266
|
| 020 |
|
|
|a 928081107X (pbk.)
|
| 040 |
|
|
|a DLC
|c DLC
|d DLC
|d BD-DhAAL
|
| 042 |
|
|
|a pcc
|
| 050 |
0 |
0 |
|a JC330.2
|b .M355 2005
|
| 082 |
0 |
0 |
|a 320.011
|2 22
|
| 245 |
0 |
0 |
|a Making states work :
|b state failure and the crisis of governance /
|c edited by Simon Chesterman, Michael Ignatieff and Ramesh Thakur.
|
| 260 |
|
|
|a Tokyo ;
|a New York :
|b United Nations University Press,
|c c2005.
|
| 300 |
|
|
|a xviii, 400 pages :
|b maps ;
|c 24 cm.
|
| 500 |
|
|
|a "A Project of the International Peace Academy and the United Nations University."
|
| 504 |
|
|
|a Includes bibliographical references and index.
|
| 541 |
|
|
|a Donated by Akbar Ali Khan
|e 40062
|
| 650 |
|
0 |
|a Political stability.
|9 52375
|
| 650 |
|
0 |
|a Legitimacy of governments.
|9 52376
|
| 650 |
|
0 |
|a Social contract.
|9 52377
|
| 650 |
|
0 |
|a Failed states.
|9 52378
|
| 650 |
|
0 |
|a Political science.
|9 52384
|
| 700 |
1 |
|
|a Chesterman, Simon.
|9 52379
|
| 700 |
1 |
|
|a Ignatieff, Michael.
|9 52380
|
| 700 |
1 |
|
|a Thakur, Ramesh Chandra,
|d 1948-
|9 52381
|
| 710 |
2 |
|
|a International Peace Academy.
|9 52382
|
| 710 |
2 |
|
|a United Nations University.
|9 52383
|
| 852 |
|
|
|a Ayesha Abed Library
|c Akbar Ali Khan Collection
|
| 856 |
4 |
1 |
|3 Table of contents
|u http://www.loc.gov/catdir/toc/ecip053/2004025266.html
|
| 942 |
|
|
|2 ddc
|c BK
|
| 952 |
|
|
|0 0
|1 0
|2 ddc
|4 0
|6 320_011000000000000_MAK
|7 1
|9 72348
|a BRACUL
|b BRACUL
|c AAKC
|d 2022-11-16
|e Donated by Akbar Ali Khan
|g 3176.76
|l 0
|o 320.011 MAK
|p 3010040062
|r 2022-11-16
|t 1
|w 2022-11-16
|y BK
|x ₹2,501.33
|